[Event "Vyatka Cup 7th"]
[Site "Kirov"]
[Date "2018.08.24"]
[Round "10"]
[White "Malyshev, Evgeny2"]
[Black "Bessonov, Arsenij"]
[Result "1-0"]
[WhiteElo "1993"]
[BlackElo "1621"]
[PlyCount "93"]
[EventDate "2018.08.15"]
[EventType "tourn"]
[EventRounds "11"]
[EventCountry "RUS"]
[SourceTitle "CBM 187 Extra"]
[Source "ChessBase"]
[SourceDate "2018.11.04"]
[SourceVersion "1"]
[SourceVersionDate "2018.11.04"]
[SourceQuality "1"]

1. d4 Nf6 2. Bg5 Ne4 3. Bf4 d5 4. e3 c5 5. Bd3 Bf5 6. f3 Qa5+ 7. c3 Nd6 8. Bxd6 Bxd3 9. Bxe7 Bxe7 10. Qxd3 c4 11. Qc2 Nc6 12. Ne2 0-0 13. 0-0 f5 14. Nd2 Bg5 15. f4 Be7 16. Nf3 b5 17. Ne5 Qc7 18. a3 a5 19. Kh1 g6 20. Rg1 Nxe5 21. dxe5 Bc5 22. Qd2 Rad8 23. Nd4 Qb6 24. Rad1 b4 25. axb4 axb4 26. g4 Bxd4 27. Qxd4 Qxd4 28. Rxd4 fxg4 29. Ra1 bxc3 30. bxc3 Ra8 31. Rxa8 Rxa8 32. Rxd5 Ra3 33. Kg2 Rxc3 34. Kf2 Rc2+ 35. Kg3 Re2 36. Kxg4 Rxe3 37. Rc5 c3 38. Rc7 h6 39. h4 h5+ 40. Kg5 Rg3+ 41. Kf6 Rg4 42. f5 gxf5 43. e6 Ra4 44. Rc8+ Kh7 45. e7 Ra6+ 46. Kxf5 Ra5+ 47. Kf6 1-0

[Event "KIrov Arakelian Memorial 7th"]
[Site "Kirov"]
[Date "2017.05.17"]
[Round "6"]
[White "Kuznetsov, Dmitri1"]
[Black "Bessonov, Arsenij"]
[Result "0-1"]
[WhiteElo "1402"]
[BlackElo "1485"]
[PlyCount "52"]
[EventDate "2017.05.12"]
[EventType "swiss"]
[EventRounds "9"]
[EventCountry "RUS"]
[SourceTitle "EXT 2018"]
[Source "ChessBase"]
[SourceDate "2017.10.13"]
[SourceVersion "1"]
[SourceVersionDate "2017.10.13"]
[SourceQuality "1"]

1. d4 d5 2. e3 Nf6 3. f4 e6 4. Bd3 Be7 5. Nf3 0-0 6. 0-0 b6 7. Ne5 Bb7 8. Nd2 Nbd7 9. Ndf3 c5 10. c3 Nxe5 11. Nxe5 Nd7 12. Qh5 h6 13. Nxd7 Qxd7 14. g4 Qe8 15. g5 f5 16. Qxe8 Raxe8 17. gxh6 gxh6 18. Kf2 Kh7 19. Rg1 Rg8 20. Bd2 Bc6 21. Be2 Ref8 22. a4 c4 23. Rgb1 Rg7 24. Bf1 Be8 25. b4 Bh5 26. b5 Bh4# 0-1